000
00297nam a22001217a 4500
082
_a
340.5
_b
TUB
100
_a
Tubrazy, S.J.
245
_a
Cyber Jurisprudence /
_c
S.J. Tubrazy
260
_a
Lahore:
_b
Manzoor Law Book House,
_c
2017.
300
_a
219 p.
563
_a
HB.
942
_2
ddc
_c
BK
999
_c
614080
_d
614080